L'imprimerie et la librairie à Paris de 1789 à 1813. (Record no. 22965)
[ view plain ]
| 000 -LEADER | |
|---|---|
| fixed length control field | 00774cam a22002051 4500 |
| 001 - CONTROL NUMBER | |
| control field | f 01002974 |
| 003 - CONTROL NUMBER IDENTIFIER | |
| control field | DLC |
| 005 - DATE AND TIME OF LATEST TRANSACTION | |
| control field | 20260227111245.0 |
| 008 - FIXED-LENGTH DATA ELEMENTS--GENERAL INFORMATION | |
| fixed length control field | 770713s1900 fr e 000 0 fre |
| 010 ## - LIBRARY OF CONGRESS CONTROL NUMBER | |
| LC control number | f 01002974 |
| 035 ## - SYSTEM CONTROL NUMBER | |
| System control number | (OCoLC)3110854 |
| 040 ## - CATALOGING SOURCE | |
| Original cataloging agency | DLC |
| Transcribing agency | AzTeS |
| Modifying agency | AzTeS |
| -- | DLC |
| 050 00 - LIBRARY OF CONGRESS CALL NUMBER | |
| Classification number | Z307 |
| Item number | .D33 |
| 100 1# - MAIN ENTRY--PERSONAL NAME | |
| Personal name | Delalain, P. |
| Fuller form of name | (Paul), |
| Dates associated with a name | 1840-1924. |
| 245 12 - TITLE STATEMENT | |
| Title | L'imprimerie et la librairie à Paris de 1789 à 1813. |
| Statement of responsibility, etc. | Renseignements recueillis, classés et accompagnés d'une introduction par Paul Delalain. <avec 3 fragments du plan de Paris en 1810>. |
| 260 ## - PUBLICATION, DISTRIBUTION, ETC. | |
| Place of publication, distribution, etc. | Paris, |
| Name of publisher, distributor, etc. | Delalain frères |
| Date of publication, distribution, etc. | [1900] |
| 300 ## - PHYSICAL DESCRIPTION | |
| Extent | lx, 360 p. |
| Other physical details | 3 fold. plans. |
| Dimensions | 26 cm. |
| 500 ## - GENERAL NOTE | |
| General note | "Tiré à 400 exemplaires. n⁰ 184." |
| 650 #0 - SUBJECT ADDED ENTRY--TOPICAL TERM | |
| Topical term or geographic name entry element | Book industries and trade |
| Geographic subdivision | France |
| -- | Paris. |
No items available.